Sanat - "Stadin puistot" - Överi (Feat. AHTI) - Statistics

Yleistilastot
  • Tätä visaa on pelattu 45 kertaa
  • Keskiarvotulos 168 / 308
Vastaustilastot
Hint Vastaus % Oikein
. ku
88%
. ku
88%
. puistot
88%
. stadin
88%
. oo
79%
. auringonnousuun
76%
. mun
76%
. samal
76%
. oot
73%
. tyhjenee
73%
. vie
73%
. et
70%
. ja
70%
. on
70%
. oon
70%
. yhes
70%
. asti
67%
. asti
67%
.
67%
. tää
67%
. vieres
67%
. aikoin
64%
. jos
64%
. kävellään
64%
. kun
64%
. liikaa
64%
. luo
64%
. miettiny
64%
. muis
64%
. nää
64%
. nähä
64%
. samaa
64%
. se
64%
. sua
64%
. viime
64%
. en
61%
. nyt
61%
. aamukuudelt
58%
. ettei
58%
. sais
58%
. saisin
58%
. sut
58%
. lämpöö
55%
. liikaakin
55%
. mut
55%
. niin
55%
. omakseni
55%
. tuntuu
55%
. veis
55%
. enää
52%
. kauan
52%
. mua
52%
. muist
52%
. mulle
52%
. sun
52%
. taakse
52%
. tunteet
52%
. vaa
52%
. ei
48%
. tehä
48%
. tunnen
48%
. vuosii
48%
. kaikki
45%
. sen
45%
. taaksepäin
45%
. taas
45%
. vaan
45%
. joit
42%
. yks
42%
. etten
39%
. kaiken
39%
. siit
39%
. hyvä
36%
. hyvin
36%
. kärsis
36%
. menee
36%
. päivä
36%
. unohtaisin
36%
. viel
36%
. ympäriltä
36%
. annoit
33%
. ehkä
33%
. elää
33%
. kohtaa
33%
. koittaa
33%
. mitä
33%
. muistot
33%
. mulhan
33%
. näitä
33%
. samoi
33%
. siin
33%
. tiet
33%
. toivon
33%
. vaikeeks
33%
. vaikka
33%
. jäädä
30%
. kaks
30%
. kävelen
30%
. meidän
30%
. parkkipaikal
30%
. rakastan
30%
. yliopistos
30%
. aika
27%
. jonka
27%
. kolkyt
27%
. kotii
27%
. muistoi
27%
. puistoi
27%
. sain
27%
. taistellut
27%
. tarviin
27%
. välittäny
27%
. veljii
27%
. voi
27%
. eri
24%
. joku
24%
. jouduin
24%
. meil
24%
. menestyny
24%
. nainen
24%
. ne
24%
. takii
24%
. uhraisin
24%
. auto
21%
. diippii
21%
. elämä
21%
. haluu
21%
. hymy
21%
. ikää
21%
. kaikest
21%
. kaikkee
21%
. kävin
21%
. läpi
21%
. levee
21%
. mikä
21%
. oli
21%
. sattuu
21%
. spotis
21%
. tajuu
21%
. TVs
21%
. uus
21%
. ihmisil
18%
. kaikil
18%
. ollu
18%
. samanlail
18%
. täällä
18%
. todennäkösesti
18%
. kenet
15%
. muistan
15%
. tavastialt
15%
. vaiheessa
12%
Ehtoja vastaavia visoja ei löytynyt
Tulosjakauma
Jokaisen tuloksen saaneiden osuus
Persentiili vastausten määrän mukaan
Tuloshistoriasi
Et ole pelannut tätä visaa